[Event "Team Championship of Russia (rapid)"]
[Site "Sochi"]
[Date "2015.05.08"]
[Round "4.7"]
[White "Potkin, Vladimir"]
[Black "Matlakov, Maxim"]
[Result "1/2-1/2"]
[LiveChessVersion "1.4.4"]
[BlackElo "2647"]
[WhiteElo "2676"]
[BlackTeam "The Bronze Horseman"]
[WhiteTeam "SHSM-Our Heritage-2"]

1. d4 {[%clk 0:15:19]} d5 {[%clk 0:15:18]} 2. c4 {[%clk 0:15:27]} c6
{[%clk 0:15:26]} 3. Nc3 {[%clk 0:15:19]} Nf6 {[%clk 0:15:33]} 4. e3
{[%clk 0:15:27]} e6 {[%clk 0:15:19]} 5. Nf3 {[%clk 0:15:35]} Nbd7
{[%clk 0:15:27]} 6. Qc2 {[%clk 0:15:43]} Bd6 {[%clk 0:15:34]} 7. Bd3
{[%clk 0:15:51]} O-O {[%clk 0:15:40]} 8. O-O {[%clk 0:15:59]} dxc4
{[%clk 0:15:36]} 9. Bxc4 {[%clk 0:16:07]} e5 {[%clk 0:15:44]} 10. h3
{[%clk 0:16:08]} h6 {[%clk 0:15:08]} 11. Rd1 {[%clk 0:16:11]} exd4
{[%clk 0:14:24]} 12. Nxd4 {[%clk 0:15:33]} Nb6 {[%clk 0:13:45]} 13. Be2
{[%clk 0:14:57]} Qe7 {[%clk 0:11:33]} 14. b3 {[%clk 0:15:04]} Nbd5
{[%clk 0:10:20]} 15. Nxd5 {[%clk 0:15:08]} Nxd5 {[%clk 0:10:27]} 16. Bf3
{[%clk 0:12:40]} Rd8 {[%clk 0:06:54]} 17. Bb2 {[%clk 0:11:42]} Qg5
{[%clk 0:06:19]} 18. Kf1 {[%clk 0:08:52]} Bd7 {[%clk 0:05:42]} 19. Ne2
{[%clk 0:07:13]} Be6 {[%clk 0:05:30]} 20. Nd4 {[%clk 0:06:31]} Bd7
{[%clk 0:05:28]} 21. Ne2 {[%clk 0:06:37]} Be6 {[%clk 0:05:35]} 22. Rd2
{[%clk 0:06:31]} Nb4 {[%clk 0:04:57]} 23. Qc3 {[%clk 0:06:15]} Nd5
{[%clk 0:04:49]} 24. Qc2 {[%clk 0:05:46]} Nb4 {[%clk 0:04:57]} 25. Qd1
{[%clk 0:03:42]} Bc7 {[%clk 0:04:33]} 26. Nd4 {[%clk 0:03:49]} Bd7
{[%clk 0:03:30]} 27. a3 {[%clk 0:03:50]} Nd5 {[%clk 0:03:36]} 28. Qc2
{[%clk 0:03:26]} Nf6 {[%clk 0:02:58]} 29. Rad1 {[%clk 0:03:28]} Re8
{[%clk 0:02:31]} 30. b4 {[%clk 0:03:29]} Rad8 {[%clk 0:02:32]} 31. Rc1
{[%clk 0:02:52]} Bc8 {[%clk 0:02:28]} 32. Rdd1 {[%clk 0:02:50]} a6
{[%clk 0:02:33]} 33. a4 {[%clk 0:01:59]} Bb8 {[%clk 0:02:26]} 34. b5
{[%clk 0:01:45]} axb5 {[%clk 0:02:24]} 35. axb5 {[%clk 0:01:54]} cxb5
{[%clk 0:02:32]} 36. Qc5 {[%clk 0:01:53]} Qh4 {[%clk 0:01:35]} 37. Nxb5
{[%clk 0:00:39]} Rxd1+ {[%clk 0:01:36]} 38. Rxd1 {[%clk 0:00:47]} Ne4
{[%clk 0:01:39]} 39. Bxe4 {[%clk 0:00:37]} Qxe4 {[%clk 0:01:44]} 40. Qd4
{[%clk 0:00:18]} Qg6 {[%clk 0:01:30]} 41. Qb4 {[%clk 0:00:25]} Bf5
{[%clk 0:01:34]} 42. Nc3 {[%clk 0:00:21]} Be5 {[%clk 0:01:09]} 43. Rd2
{[%clk 0:00:17]} Kh7 {[%clk 0:00:56]} 44. Qb5 {[%clk 0:00:19]} Re6
{[%clk 0:00:50]} 45. Qa4 {[%clk 0:00:23]} Rd6 {[%clk 0:00:41]} 46. Rxd6
{[%clk 0:00:30]} Qxd6 {[%clk 0:00:50]} 47. Qd1 {[%clk 0:00:29]} Qd3+
{[%clk 0:00:43]} 48. Qxd3 {[%clk 0:00:36]} Bxd3+ {[%clk 0:00:51]} 49. Ke1
{[%clk 0:00:45]} Bxc3+ {[%clk 0:00:59]} 50. Bxc3 {[%clk 0:00:54]} b5
{[%clk 0:01:07]} 1/2-1/2

[Event "Team Championship of Russia (rapid)"]
[Site "Sochi"]
[Date "2015.05.08"]
[Round "4.8"]
[White "Fedoseev, Vladimir"]
[Black "Popov, Ivan"]
[Result "1-0"]
[LiveChessVersion "1.4.4"]
[BlackElo "2701"]
[WhiteElo "2659"]
[BlackTeam "SHSM-Our Heritage-2"]
[WhiteTeam "The Bronze Horseman"]

1. Nf3 {[%clk 0:15:19]} d5 {[%clk 0:15:15]} 2. g3 {[%clk 0:15:28]} Nf6
{[%clk 0:15:22]} 3. Bg2 {[%clk 0:15:37]} c5 {[%clk 0:15:29]} 4. O-O
{[%clk 0:15:43]} e6 {[%clk 0:15:37]} 5. d3 {[%clk 0:15:50]} Nc6 {[%clk 0:15:44]}
6. c4 {[%clk 0:15:44]} Be7 {[%clk 0:15:33]} 7. b3 {[%clk 0:15:13]} O-O
{[%clk 0:15:28]} 8. Bb2 {[%clk 0:14:23]} d4 {[%clk 0:15:31]} 9. e3
{[%clk 0:14:02]} e5 {[%clk 0:15:21]} 10. Qe2 {[%clk 0:14:04]} dxe3
{[%clk 0:12:28]} 11. fxe3 {[%clk 0:14:10]} e4 {[%clk 0:12:25]} 12. dxe4
{[%clk 0:14:16]} Nxe4 {[%clk 0:12:21]} 13. Nh4 {[%clk 0:11:41]} f5
{[%clk 0:11:32]} 14. Nc3 {[%clk 0:11:50]} Nxc3 {[%clk 0:11:09]} 15. Bxc3
{[%clk 0:11:58]} Bxh4 {[%clk 0:09:11]} 16. Bd5+ {[%clk 0:12:06]} Kh8
{[%clk 0:09:19]} 17. gxh4 {[%clk 0:12:15]} Qxh4 {[%clk 0:08:35]} 18. Qb2
{[%clk 0:12:23]} Qe7 {[%clk 0:07:17]} 19. Kh1 {[%clk 0:12:22]} Re8
{[%clk 0:06:43]} 20. Rg1 {[%clk 0:11:07]} Ne5 {[%clk 0:06:49]} 21. Rxg7
{[%clk 0:10:44]} Kxg7 {[%clk 0:06:24]} 22. Rg1+ {[%clk 0:10:53]} Kh6
{[%clk 0:06:14]} 23. Bxe5 {[%clk 0:11:01]} Qxe5 {[%clk 0:06:03]} 24. Qf2
{[%clk 0:11:09]} 1-0

[Event "Team Championship of Russia (rapid)"]
[Site "Sochi"]
[Date "2015.05.08"]
[Round "4.9"]
[White "Yudin, Sergei"]
[Black "Malakhov, Vladimir"]
[Result "1/2-1/2"]
[LiveChessVersion "1.4.4"]
[BlackElo "2729"]
[WhiteElo "2642"]
[BlackTeam "Malachite"]
[WhiteTeam "Polytechnic"]

1. e4 {[%clk 0:15:18]} e5 {[%clk 0:15:19]} 2. Nf3 {[%clk 0:15:26]} Nc6
{[%clk 0:15:27]} 3. Bb5 {[%clk 0:15:33]} Nf6 {[%clk 0:15:35]} 4. d3
{[%clk 0:15:40]} Bc5 {[%clk 0:15:43]} 5. c3 {[%clk 0:15:37]} O-O {[%clk 0:15:48]}
6. O-O {[%clk 0:15:44]} Re8 {[%clk 0:15:53]} 7. Bg5 {[%clk 0:15:47]} h6
{[%clk 0:15:46]} 8. Bh4 {[%clk 0:15:56]} Bf8 {[%clk 0:15:54]} 9. Nbd2
{[%clk 0:16:01]} d6 {[%clk 0:16:02]} 10. Re1 {[%clk 0:16:07]} Bd7
{[%clk 0:15:56]} 11. d4 {[%clk 0:15:48]} a6 {[%clk 0:13:59]} 12. Ba4
{[%clk 0:15:22]} exd4 {[%clk 0:13:52]} 13. cxd4 {[%clk 0:14:55]} g5
{[%clk 0:11:38]} 14. Bg3 {[%clk 0:15:03]} Bg7 {[%clk 0:11:46]} 15. h3
{[%clk 0:13:47]} Ne7 {[%clk 0:10:32]} 16. Bb3 {[%clk 0:13:13]} Ng6
{[%clk 0:10:14]} 17. e5 {[%clk 0:13:07]} Nh5 {[%clk 0:09:46]} 18. Bh2
{[%clk 0:13:11]} Nhf4 {[%clk 0:09:52]} 19. Qc2 {[%clk 0:11:58]} Be6
{[%clk 0:09:23]} 20. Bxe6 {[%clk 0:11:38]} Rxe6 {[%clk 0:09:31]} 21. Nc4
{[%clk 0:11:33]} dxe5 {[%clk 0:07:27]} 22. Ncxe5 {[%clk 0:11:21]} Nxe5
{[%clk 0:06:30]} 23. dxe5 {[%clk 0:11:19]} Qd3 {[%clk 0:06:30]} 24. Qxd3
{[%clk 0:10:14]} Nxd3 {[%clk 0:06:39]} 25. Re3 {[%clk 0:10:21]} Nxb2
{[%clk 0:06:43]} 26. Rc1 {[%clk 0:09:59]} Rd8 {[%clk 0:06:13]} 27. Bg3
{[%clk 0:09:31]} Rd7 {[%clk 0:05:17]} 28. Rb3 {[%clk 0:08:23]} Rb6
{[%clk 0:05:17]} 29. Rxc7 {[%clk 0:08:11]} Rxc7 {[%clk 0:05:24]} 30. Rxb6
{[%clk 0:08:18]} Nc4 {[%clk 0:05:01]} 31. Rb1 {[%clk 0:08:09]} b5
{[%clk 0:04:41]} 32. Rd1 {[%clk 0:08:14]} Rc5 {[%clk 0:04:28]} 33. Rd8+
{[%clk 0:07:55]} Kh7 {[%clk 0:04:37]} 34. Ra8 {[%clk 0:08:02]} Nxe5
{[%clk 0:04:34]} 1/2-1/2

[Event "Team Championship of Russia (rapid)"]
[Site "Sochi"]
[Date "2015.05.08"]
[Round "4.10"]
[White "Lysyj, Igor"]
[Black "Goganov, Aleksey"]
[Result "1-0"]
[LiveChessVersion "1.4.4"]
[BlackElo "2500"]
[WhiteElo "2647"]
[BlackTeam "Polytechnic"]
[WhiteTeam "Malachite"]

1. d4 {[%clk 0:15:19]} Nf6 {[%clk 0:15:19]} 2. c4 {[%clk 0:15:28]} g6
{[%clk 0:15:28]} 3. Nc3 {[%clk 0:15:37]} Bg7 {[%clk 0:15:38]} 4. e4
{[%clk 0:15:46]} d6 {[%clk 0:15:47]} 5. Nf3 {[%clk 0:15:54]} O-O {[%clk 0:15:55]}
6. Be2 {[%clk 0:16:03]} c6 {[%clk 0:15:57]} 7. O-O {[%clk 0:16:08]} a6
{[%clk 0:16:05]} 8. a3 {[%clk 0:15:29]} b5 {[%clk 0:16:03]} 9. h3
{[%clk 0:15:23]} Nfd7 {[%clk 0:14:13]} 10. Bg5 {[%clk 0:14:43]} h6
{[%clk 0:12:57]} 11. Be3 {[%clk 0:14:51]} Nb6 {[%clk 0:13:05]} 12. cxb5
{[%clk 0:14:21]} axb5 {[%clk 0:12:22]} 13. Qd2 {[%clk 0:13:57]} Kh7
{[%clk 0:12:19]} 14. d5 {[%clk 0:14:06]} cxd5 {[%clk 0:10:08]} 15. exd5
{[%clk 0:14:10]} Nc4 {[%clk 0:09:28]} 16. Bxc4 {[%clk 0:14:17]} bxc4
{[%clk 0:09:37]} 17. Bd4 {[%clk 0:14:25]} f6 {[%clk 0:08:32]} 18. Qe2
{[%clk 0:09:52]} Nd7 {[%clk 0:06:52]} 19. Nd2 {[%clk 0:10:00]} Ba6
{[%clk 0:06:33]} 20. f4 {[%clk 0:09:54]} f5 {[%clk 0:06:13]} 21. Bxg7
{[%clk 0:09:13]} Kxg7 {[%clk 0:06:21]} 22. Nf3 {[%clk 0:09:18]} Qb6+
{[%clk 0:05:42]} 23. Kh2 {[%clk 0:09:22]} Rf7 {[%clk 0:04:47]} 24. Rg1
{[%clk 0:05:09]} Rb8 {[%clk 0:04:45]} 25. Rab1 {[%clk 0:05:17]} Kh7
{[%clk 0:04:31]} 26. Qe6 {[%clk 0:05:19]} 1-0

[Event "Team Championship of Russia (rapid)"]
[Site "Sochi"]
[Date "2015.05.08"]
[Round "4.11"]
[White "Krutko, Anatoly"]
[Black "Riazantsev, Alexander"]
[Result "0-1"]
[LiveChessVersion "1.4.4"]
[BlackElo "2605"]
[WhiteElo "2486"]
[BlackTeam "Malachite"]

1. g3 {[%clk 0:15:17]} d5 {[%clk 0:15:18]} 2. Bg2 {[%clk 0:15:25]} c6
{[%clk 0:15:26]} 3. Nf3 {[%clk 0:15:31]} Bf5 {[%clk 0:15:35]} 4. d3
{[%clk 0:15:35]} e6 {[%clk 0:15:43]} 5. O-O {[%clk 0:15:43]} Nf6 {[%clk 0:15:51]}
6. c4 {[%clk 0:15:50]} dxc4 {[%clk 0:15:53]} 7. dxc4 {[%clk 0:15:58]} Nbd7
{[%clk 0:15:55]} 8. Nc3 {[%clk 0:16:05]} h6 {[%clk 0:15:53]} 9. Bf4
{[%clk 0:15:48]} Be7 {[%clk 0:15:34]} 10. a3 {[%clk 0:14:31]} a5 {[%clk 0:15:37]}
11. Nd4 {[%clk 0:13:59]} Bh7 {[%clk 0:14:26]} 12. Nb3 {[%clk 0:13:49]} a4
{[%clk 0:13:56]} 13. Nd2 {[%clk 0:13:58]} Nc5 {[%clk 0:13:51]} 14. Be3
{[%clk 0:13:41]} O-O {[%clk 0:13:51]} 15. Bxc5 {[%clk 0:12:39]} Bxc5
{[%clk 0:13:59]} 16. Nde4 {[%clk 0:12:37]} Bxe4 {[%clk 0:13:45]} 17. Nxe4
{[%clk 0:12:28]} Nxe4 {[%clk 0:13:46]} 18. Bxe4 {[%clk 0:12:35]} Qb6
{[%clk 0:11:57]} 19. Qc2 {[%clk 0:10:40]} Rfd8 {[%clk 0:12:06]} 20. e3
{[%clk 0:09:59]} Be7 {[%clk 0:10:28]} 21. Rfd1 {[%clk 0:09:30]} Qb3
{[%clk 0:08:27]} 22. Qe2 {[%clk 0:03:50]} Bf6 {[%clk 0:08:10]} 23. Rxd8+
{[%clk 0:03:58]} Rxd8 {[%clk 0:08:19]} 24. Rb1 {[%clk 0:04:06]} g6
{[%clk 0:07:06]} 25. Kg2 {[%clk 0:03:51]} Kg7 {[%clk 0:07:14]} 26. Bc2
{[%clk 0:03:24]} Qa2 {[%clk 0:07:16]} 27. Be4 {[%clk 0:02:44]} h5
{[%clk 0:06:33]} 28. Kf1 {[%clk 0:02:24]} Qb3 {[%clk 0:05:02]} 29. Bc2
{[%clk 0:02:32]} Qa2 {[%clk 0:04:51]} 30. Be4 {[%clk 0:02:41]} Qb3
{[%clk 0:03:40]} 31. Bc2 {[%clk 0:02:48]} Qb6 {[%clk 0:03:49]} 32. Bxa4
{[%clk 0:02:37]} Qa5 {[%clk 0:03:58]} 33. Bc2 {[%clk 0:02:18]} h4
{[%clk 0:03:28]} 34. Bd3 {[%clk 0:02:05]} Qe5 {[%clk 0:03:12]} 35. Kg2
{[%clk 0:01:47]} Rh8 {[%clk 0:03:13]} 36. f4 {[%clk 0:01:37]} Qc5
{[%clk 0:03:10]} 37. b4 {[%clk 0:01:43]} Qa7 {[%clk 0:03:19]} 38. Rb3
{[%clk 0:01:39]} hxg3 {[%clk 0:03:28]} 39. hxg3 {[%clk 0:01:48]} Qa8
{[%clk 0:03:16]} 40. Be4 {[%clk 0:01:33]} Qg8 {[%clk 0:03:08]} 41. Rd3
{[%clk 0:01:30]} Qh7 {[%clk 0:03:05]} 42. Kf2 {[%clk 0:01:39]} Qh2+
{[%clk 0:03:08]} 43. Bg2 {[%clk 0:01:48]} Rh3 {[%clk 0:03:15]} 44. Qg4
{[%clk 0:01:55]} Rxg3 {[%clk 0:03:24]} 45. Qxg3 {[%clk 0:01:52]} Bh4
{[%clk 0:03:33]} 46. Qxh4 {[%clk 0:02:01]} Qxh4+ {[%clk 0:03:42]} 47. Ke2
{[%clk 0:02:06]} e5 {[%clk 0:03:09]} 48. Kf3 {[%clk 0:01:01]} Qf6
{[%clk 0:01:26]} 49. c5 {[%clk 0:00:15]} exf4 {[%clk 0:01:30]} 50. exf4
{[%clk 0:00:16]} g5 {[%clk 0:01:40]} 51. Ke2 {[%clk 0:00:17]} Qxf4
{[%clk 0:01:47]} 52. Rd7 {[%clk 0:00:24]} Qg4+ {[%clk 0:01:56]} 0-1

[Event "Team Championship of Russia (rapid)"]
[Site "Sochi"]
[Date "2015.05.08"]
[Round "4.12"]
[White "Motylev, Alexander"]
[Black "Pogromsky, Mikhail"]
[Result "0-1"]
[LiveChessVersion "1.4.4"]
[BlackElo "2428"]
[WhiteElo "2431"]
[BlackTeam "Polytechnic"]
[WhiteTeam "Malachite"]

1. e4 {[%clk 0:15:17]} Nf6 {[%clk 0:15:19]} 2. e5 {[%clk 0:15:23]} Nd5
{[%clk 0:15:27]} 3. d4 {[%clk 0:15:32]} d6 {[%clk 0:15:36]} 4. c4
{[%clk 0:15:41]} Nb6 {[%clk 0:15:46]} 5. exd6 {[%clk 0:15:49]} exd6
{[%clk 0:15:52]} 6. Be2 {[%clk 0:15:53]} Be7 {[%clk 0:15:46]} 7. Nf3
{[%clk 0:16:01]} Bg4 {[%clk 0:15:47]} 8. O-O {[%clk 0:16:06]} O-O
{[%clk 0:15:54]} 9. h3 {[%clk 0:15:57]} Bh5 {[%clk 0:16:00]} 10. Nbd2
{[%clk 0:16:05]} Re8 {[%clk 0:15:45]} 11. b3 {[%clk 0:16:11]} Bf6
{[%clk 0:15:44]} 12. Bb2 {[%clk 0:16:05]} c5 {[%clk 0:13:56]} 13. Re1
{[%clk 0:14:54]} Nc6 {[%clk 0:13:54]} 14. Qc1 {[%clk 0:11:53]} cxd4
{[%clk 0:13:13]} 15. a3 {[%clk 0:11:53]} a5 {[%clk 0:12:51]} 16. Bf1
{[%clk 0:09:26]} Nd7 {[%clk 0:11:05]} 17. Rxe8+ {[%clk 0:05:56]} Qxe8
{[%clk 0:11:13]} 18. Qc2 {[%clk 0:06:02]} Bg6 {[%clk 0:07:05]} 19. Bd3
{[%clk 0:06:10]} Nc5 {[%clk 0:07:12]} 20. Bxg6 {[%clk 0:05:47]} hxg6
{[%clk 0:07:20]} 21. Re1 {[%clk 0:05:55]} Qd7 {[%clk 0:05:52]} 22. Ne4
{[%clk 0:05:56]} Re8 {[%clk 0:05:49]} 23. Nxf6+ {[%clk 0:05:31]} gxf6
{[%clk 0:05:58]} 24. Rd1 {[%clk 0:02:18]} d3 {[%clk 0:05:36]} 25. Qc3
{[%clk 0:02:27]} Ne5 {[%clk 0:05:45]} 26. Nd2 {[%clk 0:02:29]} Qf5
{[%clk 0:04:58]} 27. Re1 {[%clk 0:02:24]} Ne6 {[%clk 0:04:27]} 28. Kf1
{[%clk 0:01:19]} Qf4 {[%clk 0:03:40]} 29. g3 {[%clk 0:01:03]} Qf5
{[%clk 0:03:48]} 30. Kg2 {[%clk 0:01:01]} Ng5 {[%clk 0:03:48]} 31. g4
{[%clk 0:01:06]} Qf4 {[%clk 0:03:55]} 32. Re3 {[%clk 0:01:13]} Ne6
{[%clk 0:03:39]} 33. Ne4 {[%clk 0:01:08]} Kg7 {[%clk 0:03:03]} 34. Bc1
{[%clk 0:00:34]} Rh8 {[%clk 0:02:49]} 35. Qxa5 {[%clk 0:00:15]} Nxg4
{[%clk 0:02:24]} 36. Re1 {[%clk 0:00:17]} Qh2+ {[%clk 0:02:26]} 0-1

[Event "Team Championship of Russia (rapid)"]
[Site "Sochi"]
[Date "2015.05.08"]
[Round "4.13"]
[White "Chigaev, Maksim"]
[Black "Korobov, Anton"]
[Result "1-0"]
[LiveChessVersion "1.4.4"]
[BlackElo "2660"]
[WhiteElo "2562"]
[BlackTeam "Siberia"]

1. f4 {[%clk 0:15:18]} d5 {[%clk 0:15:07]} 2. Nf3 {[%clk 0:15:25]} g6
{[%clk 0:15:15]} 3. g3 {[%clk 0:15:33]} Bg7 {[%clk 0:15:22]} 4. Bg2
{[%clk 0:15:41]} c6 {[%clk 0:15:14]} 5. d3 {[%clk 0:15:42]} Bg4 {[%clk 0:14:59]}
6. c3 {[%clk 0:15:33]} Nd7 {[%clk 0:15:04]} 7. O-O {[%clk 0:15:31]} Ngf6
{[%clk 0:14:30]} 8. Nbd2 {[%clk 0:15:07]} Qb6+ {[%clk 0:14:20]} 9. Kh1
{[%clk 0:15:11]} h5 {[%clk 0:14:27]} 10. a4 {[%clk 0:13:59]} a5 {[%clk 0:14:20]}
11. Nh4 {[%clk 0:13:20]} e5 {[%clk 0:13:58]} 12. fxe5 {[%clk 0:12:25]} Nxe5
{[%clk 0:14:03]} 13. Ndf3 {[%clk 0:12:34]} Bxf3 {[%clk 0:11:43]} 14. exf3
{[%clk 0:12:36]} O-O-O {[%clk 0:11:13]} 15. d4 {[%clk 0:12:25]} Ned7
{[%clk 0:10:47]} 16. b4 {[%clk 0:12:29]} axb4 {[%clk 0:10:44]} 17. a5
{[%clk 0:12:07]} Qa6 {[%clk 0:10:43]} 18. cxb4 {[%clk 0:12:11]} Ne8
{[%clk 0:10:09]} 19. b5 {[%clk 0:11:05]} cxb5 {[%clk 0:10:16]} 20. Bf4
{[%clk 0:09:09]} Nd6 {[%clk 0:10:19]} 21. Bxd6 {[%clk 0:09:16]} Qxd6
{[%clk 0:10:27]} 22. f4 {[%clk 0:09:25]} Nf6 {[%clk 0:07:51]} 23. Qb3
{[%clk 0:09:05]} Qa6 {[%clk 0:07:28]} 24. Rfc1+ {[%clk 0:07:55]} Kb8
{[%clk 0:07:35]} 25. Bf1 {[%clk 0:08:03]} Rc8 {[%clk 0:06:44]} 26. Rcb1
{[%clk 0:08:12]} Ne4 {[%clk 0:05:28]} 27. Bxb5 {[%clk 0:07:59]} Qa7
{[%clk 0:05:37]} 28. a6 {[%clk 0:07:32]} b6 {[%clk 0:04:29]} 29. Qxd5
{[%clk 0:07:14]} f5 {[%clk 0:03:29]} 30. Nxg6 {[%clk 0:06:28]} Rc2
{[%clk 0:02:59]} 31. Nxh8 {[%clk 0:05:44]} Nf2+ {[%clk 0:03:03]} 32. Kg1
{[%clk 0:04:59]} Nh3+ {[%clk 0:03:11]} 33. Kf1 {[%clk 0:04:41]} 1-0

[Event "Team Championship of Russia (rapid)"]
[Site "Sochi"]
[Date "2015.05.08"]
[Round "4.14"]
[White "Kokarev, Dmitry"]
[Black "Levin, Evgeny A."]
[Result "1/2-1/2"]
[LiveChessVersion "1.4.4"]
[BlackElo "2609"]
[WhiteElo "2608"]
[WhiteTeam "Siberia"]

1. e4 {[%clk 0:15:17]} e6 {[%clk 0:15:16]} 2. d4 {[%clk 0:15:21]} d5
{[%clk 0:15:24]} 3. Nc3 {[%clk 0:15:28]} Nf6 {[%clk 0:15:32]} 4. e5
{[%clk 0:15:36]} Nfd7 {[%clk 0:15:41]} 5. f4 {[%clk 0:15:44]} c5 {[%clk 0:15:49]}
6. Nf3 {[%clk 0:15:51]} Nc6 {[%clk 0:15:57]} 7. Be3 {[%clk 0:15:58]} Be7
{[%clk 0:16:03]} 8. Qd2 {[%clk 0:16:01]} O-O {[%clk 0:16:03]} 9. Be2
{[%clk 0:16:05]} b6 {[%clk 0:15:51]} 10. O-O {[%clk 0:16:07]} f5 {[%clk 0:15:13]}
11. dxc5 {[%clk 0:16:00]} Nxc5 {[%clk 0:15:14]} 12. Nd4 {[%clk 0:16:07]} Nxd4
{[%clk 0:15:09]} 13. Bxd4 {[%clk 0:16:14]} Ba6 {[%clk 0:11:52]} 14. Bxa6
{[%clk 0:14:01]} Nxa6 {[%clk 0:12:01]} 15. Nd1 {[%clk 0:14:04]} Nc5
{[%clk 0:10:54]} 16. Ne3 {[%clk 0:14:02]} Rc8 {[%clk 0:10:49]} 17. Kh1
{[%clk 0:14:04]} Ne4 {[%clk 0:10:52]} 18. Qe2 {[%clk 0:14:04]} Bc5
{[%clk 0:09:19]} 19. Rad1 {[%clk 0:14:06]} Qh4 {[%clk 0:08:37]} 20. Kg1
{[%clk 0:13:20]} Rfd8 {[%clk 0:04:53]} 21. c3 {[%clk 0:13:19]} Rc7
{[%clk 0:04:28]} 22. Rf3 {[%clk 0:13:01]} Rdc8 {[%clk 0:03:57]} 23. Qf1
{[%clk 0:11:46]} Qh5 {[%clk 0:03:18]} 24. h3 {[%clk 0:11:23]} Bxd4
{[%clk 0:02:22]} 25. Rxd4 {[%clk 0:11:23]} Qh4 {[%clk 0:02:21]} 26. Kh2
{[%clk 0:10:30]} Kh8 {[%clk 0:02:17]} 27. g3 {[%clk 0:10:21]} Qh5
{[%clk 0:02:25]} 28. Kg2 {[%clk 0:10:23]} Qh6 {[%clk 0:02:17]} 29. h4
{[%clk 0:10:13]} Qh5 {[%clk 0:02:23]} 30. Qd1 {[%clk 0:10:07]} Qe8
{[%clk 0:02:17]} 31. Rf1 {[%clk 0:10:07]} Qg6 {[%clk 0:02:23]} 32. Qf3
{[%clk 0:10:08]} Qe8 {[%clk 0:02:18]} 33. Rfd1 {[%clk 0:10:03]} b5
{[%clk 0:02:21]} 34. a3 {[%clk 0:10:08]} a6 {[%clk 0:02:21]} 35. R4d3
{[%clk 0:10:10]} Nc5 {[%clk 0:02:28]} 36. R3d2 {[%clk 0:10:18]} Ne4
{[%clk 0:02:37]} 37. Re2 {[%clk 0:10:25]} a5 {[%clk 0:02:37]} 38. Nc2
{[%clk 0:10:30]} Rc4 {[%clk 0:02:10]} 39. Rd4 {[%clk 0:09:03]} R4c5
{[%clk 0:02:06]} 40. Re3 {[%clk 0:08:43]} R5c7 {[%clk 0:02:00]} 41. Re1
{[%clk 0:07:40]} Kg8 {[%clk 0:02:06]} 42. Ra1 {[%clk 0:07:35]} Kh8
{[%clk 0:01:53]} 43. Rdd1 {[%clk 0:07:40]} Kg8 {[%clk 0:01:56]} 44. Nd4
{[%clk 0:07:45]} h5 {[%clk 0:01:04]} 45. Kh2 {[%clk 0:07:33]} Kh7
{[%clk 0:01:12]} 46. Qe2 {[%clk 0:07:38]} Rc4 {[%clk 0:01:07]} 47. Qf3
{[%clk 0:07:17]} Kh6 {[%clk 0:01:04]} 48. Qe3 {[%clk 0:07:11]} Qd7
{[%clk 0:01:07]} 49. Ra2 {[%clk 0:07:16]} Kg6 {[%clk 0:01:02]} 50. Rda1
{[%clk 0:07:20]} Rb8 {[%clk 0:01:07]} 51. Qd3 {[%clk 0:07:23]} Nc5
{[%clk 0:01:12]} 52. Qe2 {[%clk 0:07:22]} Ne4 {[%clk 0:01:12]} 53. Nc2
{[%clk 0:07:29]} Rc5 {[%clk 0:01:00]} 54. Qe3 {[%clk 0:07:18]} Rc4
{[%clk 0:01:08]} 55. Rd1 {[%clk 0:07:25]} Rc7 {[%clk 0:01:09]} 56. Qf3
{[%clk 0:07:22]} Rc5 {[%clk 0:01:08]} 57. Raa1 {[%clk 0:07:26]} Rc7
{[%clk 0:01:16]} 58. Rd4 {[%clk 0:07:33]} Rc5 {[%clk 0:01:19]} 59. Rad1
{[%clk 0:07:40]} Qe8 {[%clk 0:01:25]} 60. Na1 {[%clk 0:07:42]} Rc4
{[%clk 0:01:23]} 61. Nb3 {[%clk 0:07:48]} Ra8 {[%clk 0:01:07]} 62. Qe3
{[%clk 0:07:54]} Kh7 {[%clk 0:01:06]} 63. Qe2 {[%clk 0:07:29]} Kg6
{[%clk 0:01:13]} 64. Ra1 {[%clk 0:07:35]} a4 {[%clk 0:00:58]} 65. Nc1
{[%clk 0:04:37]} Rxd4 {[%clk 0:01:05]} 66. cxd4 {[%clk 0:04:46]} Rc8
{[%clk 0:01:11]} 67. Na2 {[%clk 0:04:47]} Rc4 {[%clk 0:01:19]} 68. Rd1
{[%clk 0:04:53]} Qc8 {[%clk 0:01:05]} 69. Nb4 {[%clk 0:04:57]} Rc1
{[%clk 0:00:52]} 70. Rxc1 {[%clk 0:04:21]} 1/2-1/2

[Event "Team Championship of Russia (rapid)"]
[Site "Sochi"]
[Date "2015.05.08"]
[Round "4.15"]
[White "Usmanov, Vasily"]
[Black "Bocharov, Dmitry"]
[Result "1-0"]
[LiveChessVersion "1.4.4"]
[BlackElo "2553"]
[WhiteElo "2526"]
[BlackTeam "Siberia"]

1. c4 {[%clk 0:15:14]} e5 {[%clk 0:15:15]} 2. Nf3 {[%clk 0:15:18]} d6
{[%clk 0:15:10]} 3. Nc3 {[%clk 0:15:25]} f5 {[%clk 0:15:18]} 4. d4
{[%clk 0:15:34]} e4 {[%clk 0:15:26]} 5. Ng5 {[%clk 0:15:43]} Be7 {[%clk 0:15:27]}
6. Nh3 {[%clk 0:15:50]} Nf6 {[%clk 0:15:34]} 7. g3 {[%clk 0:15:59]} O-O
{[%clk 0:15:36]} 8. Bg2 {[%clk 0:16:09]} c6 {[%clk 0:15:43]} 9. d5
{[%clk 0:16:18]} Nbd7 {[%clk 0:15:41]} 10. O-O {[%clk 0:16:20]} Ne5
{[%clk 0:15:48]} 11. b3 {[%clk 0:16:26]} Bd7 {[%clk 0:14:20]} 12. f3
{[%clk 0:16:18]} Kh8 {[%clk 0:13:25]} 13. Be3 {[%clk 0:16:00]} Qa5
{[%clk 0:13:19]} 14. Qd2 {[%clk 0:15:33]} cxd5 {[%clk 0:13:27]} 15. cxd5
{[%clk 0:15:36]} Rac8 {[%clk 0:12:02]} 16. Rac1 {[%clk 0:15:12]} b5
{[%clk 0:11:57]} 17. Nxe4 {[%clk 0:15:06]} Qxd2 {[%clk 0:12:05]} 18. Nxd2
{[%clk 0:15:14]} Nxd5 {[%clk 0:12:14]} 19. Bxa7 {[%clk 0:15:22]} Ra8
{[%clk 0:11:29]} 20. Bf2 {[%clk 0:10:31]} Rxa2 {[%clk 0:11:18]} 21. Rfd1
{[%clk 0:10:37]} Be6 {[%clk 0:07:51]} 22. Nf1 {[%clk 0:07:37]} Nb6
{[%clk 0:03:29]} 23. Bxb6 {[%clk 0:07:44]} Bxb3 {[%clk 0:03:23]} 24. Rd2
{[%clk 0:07:39]} Ra6 {[%clk 0:03:31]} 25. Bd4 {[%clk 0:06:46]} Bg8
{[%clk 0:03:17]} 26. Ne3 {[%clk 0:06:45]} b4 {[%clk 0:03:07]} 27. Nf4
{[%clk 0:06:53]} Rb8 {[%clk 0:03:14]} 28. Nfd5 {[%clk 0:07:00]} Bf8
{[%clk 0:03:19]} 29. f4 {[%clk 0:07:05]} Nd7 {[%clk 0:03:19]} 30. Rc7
{[%clk 0:06:49]} Nc5 {[%clk 0:03:18]} 31. Nxf5 {[%clk 0:05:57]} Nb3
{[%clk 0:03:26]} 32. Rb2 {[%clk 0:06:00]} Nxd4 {[%clk 0:01:46]} 33. Nxd4
{[%clk 0:06:09]} Ra1+ {[%clk 0:01:55]} 34. Kf2 {[%clk 0:06:17]} Rd1
{[%clk 0:02:03]} 35. e3 {[%clk 0:06:21]} b3 {[%clk 0:01:55]} 36. Bf3
{[%clk 0:06:02]} Ra1 {[%clk 0:01:41]} 37. Rxb3 {[%clk 0:05:57]} Ra2+
{[%clk 0:01:49]} 38. Ke1 {[%clk 0:05:49]} Re8 {[%clk 0:01:51]} 39. Rc2
{[%clk 0:05:19]} Ra5 {[%clk 0:01:48]} 40. Rb5 {[%clk 0:05:23]} Ra4
{[%clk 0:01:53]} 41. Kf2 {[%clk 0:05:25]} Ra3 {[%clk 0:01:55]} 42. Rcb2
{[%clk 0:05:21]} Bf7 {[%clk 0:01:46]} 43. Rb8 {[%clk 0:05:17]} Ra8
{[%clk 0:01:54]} 44. Nc6 {[%clk 0:05:00]} 1-0